McCarthy & Stone (Developments) Limited v Smith (Record no. 24866)

MARC details
000 -LEADER
fixed length control field 01390cab a2200241 4500
001 - CONTROL NUMBER
control field E2307
008 - FIXED-LENGTH DATA ELEMENTS--GENERAL INFORMATION
fixed length control field 090401t1995 xxu||||| |||| 00| 0 eng d
035 ## - SYSTEM CONTROL NUMBER
System control number (Sirsi) u38711
041 ## - LANGUAGE CODE
Language code of text/sound track or separate title eng
245 ## - TITLE STATEMENT
Title McCarthy & Stone (Developments) Limited v Smith
260 ## - PUBLICATION, DISTRIBUTION, ETC.
Date of publication, distribution, etc. 1995
350 ## - PRICE (NR) (BK AM CF MU VM SE) [OBSOLETE]
Price 0
490 ## - SERIES STATEMENT
Series statement Scots Law Times
Volume/sequential designation 1995 SLT(Lands Tr) 19-27(9)
520 ## - SUMMARY, ETC.
Summary, etc. Lands Tribunal for Scotland. R A Edwards, WS; J Devine, FRICS. 14 April 1994 Heritable property - land obligations - discharge of obligations in favour of superiors - superiors taken bound to impose similar obligations on co-feuars as servitudes in favour of feuars - subsequent consolidation of dominium utile and dominium directum - whether obligations subsisting and enforceable by co-feuars - competency of application - Conveyancing and Feudal Reform (Scotland) Act 1970 (c35), s2(6). Heritable property - real burden - obligations in favour of superiors - superiors taken bound to impose similar obligations on co-feuars as servitudes in favour of fuears - title and interest to enforce obligations - ius quaesitum tertio.
650 ## - SUBJECT ADDED ENTRY--TOPICAL TERM
Topical term or geographic name entry element CONVEYANCING AND FEUDAL REFORM (SCOTLAND) ACT 1970
650 ## - SUBJECT ADDED ENTRY--TOPICAL TERM
Topical term or geographic name entry element LAND OBLIGATIONS
650 ## - SUBJECT ADDED ENTRY--TOPICAL TERM
Topical term or geographic name entry element LANDS TRIBUNAL FOR SCOTLAND
650 ## - SUBJECT ADDED ENTRY--TOPICAL TERM
Topical term or geographic name entry element RESTRICTIVE COVENANTS
650 ## - SUBJECT ADDED ENTRY--TOPICAL TERM
Topical term or geographic name entry element SCOTS LAW
690 ## - LOCAL SUBJECT ADDED ENTRY--TOPICAL TERM (OCLC, RLIN)
Topical term or geographic name as entry element PROPERTY LAW AND PRACTICE-CASE LAW
942 ## - ADDED ENTRY ELEMENTS (KOHA)
Suppress in OPAC 0
948 ## - LOCAL PROCESSING INFORMATION (OCLC); SERIES PART DESIGNATOR (RLIN)
c (OCLC) 04/03/1997
Holdings
Withdrawn status Lost status Source of classification or shelving scheme Damaged status Not for loan Home library Current library Shelving location Date acquired Total Checkouts Full call number Barcode Date last seen Copy number Price effective from Koha item type
    Dewey Decimal Classification     London London Journal article 14/09/1999   E2307 38711-1001 06/08/2019 1 06/08/2019 Law report